000 01098nam a2200277 a 4500
001 BRCA_6033
005 20190320205315.0
008 280411s1955----enka######---#000-0#eng-#
041 _aeng
044 _aenk
050 4 _aN1
_b.C75d 1955
245 1 0 _aThe Connoisseur
_bwith which is incorporated international studio
_cedited by L.G.G. Ramsey ; american editor Helen Comstock.
260 _aLondres
_bNational Magazine Company
_c1955
300 _alxx, p. 233-310
_bil. (algunas a color), láminas
_c31 cm.
500 _aVol. CXXXVI, Núm. 550 diciembre, 1955
500 _aIncluye el artículo: Talavera de Puebla Pottery in the collection of Mr. Franz Mayer, por Yvonne Hackenbroch, p. 286-287
500 _aEstado físico: lomo parcialmente desprendido
500 _aRevista inventariada por Banco de México como libro
500 _aA121a
650 1 4 _aArte
_xPublicaciones periódicas
_915226
650 1 4 _aColecciones y coleccionistas
_xPublicaciones periódicas
_915227
700 1 _aRamsey, L.G.G.
_913314
700 1 _aComstock, Helen
_915228
902 _aGFM
942 _2lcc
_cB
999 _c5721
_d5721